01416nab a2200265uuc4500001000800000005001700008008004100025035001200066035002100078040001300099041000800112100007800120245008800198260001700286520041100303600005800714600006100772600005500833650002800888650002900916650002000945650002700965650004000992773011801032107901420240414085617.0080430e20071201 spa  a1079014 a(OCoLC)820405500 ccomduadb aspa10aKohn Wacher, Carlos 4aut0(isni)0000 0000 3201 69720(viaf)70634630eaut10aReconocimiento, igualdad y diferencia en la concepción arendtiana de ciudadanía c01-DIC-2007.3 aEste artículo expone los argumentos mediante los cuales Hannah Arendt recuperó, prácticamente sin transformaciones, la concepción griega clásica de la ciudadanía, poniendo énfasis en el valor de la igualdad como clave de solución para los debates filosóficos y políticos de la actualidad. En este tenor, se revisan conceptos clave en esta autora, como los de poder, libertad e igualdad. 4aArendt, Hannah, d1906-1975xPensamiento filosófico14aArendt, Hannah,d1906-1975xCrítica e interpretación14aArendt, Hannah,d1906-1975xPensamiento político aCiudades y ciudadanía 7aDesigualdad social2lemb aIgualdad social 7aPoder político2lemb 7aLibertad (Ciencia política)2lemb0 tRevista Internacional de Filosofía Política (México)gNo. 30, Dic. 2007, p. 23-34w130337x1132-9432066084